Štandardy pre informačné systémy verejnej správy verejnej správy Výnos MF SR č. 55/2014
Základné ustanovenia Štandardov pre informačné systémy verejnej správy.
Gespeichert in:
| Format: | Buchkapitel |
|---|---|
| Sprache: | Slowakisch |
| Schlagworte: | |
| Tags: |
Keine Tags, Fügen Sie das erste Tag hinzu!
|
MARC
| LEADER | 00000naa a2200000 4500 | ||
|---|---|---|---|
| 001 | 0184920 | ||
| 005 | 20231120130016.1 | ||
| 041 | 0 | |a slo | |
| 044 | |a SK | ||
| 245 | 1 | 0 | |a Štandardy pre informačné systémy verejnej správy verejnej správy |b Výnos MF SR č. 55/2014 |
| 520 | |a Základné ustanovenia Štandardov pre informačné systémy verejnej správy. | ||
| 610 | 2 | 0 | |a Slovensko |
| 610 | 2 | 0 | |a systémy informačné |
| 610 | 2 | 0 | |a správa verejná |
| 610 | 2 | 0 | |a štandardy |
| 610 | 2 | 0 | |a legislatíva |
| 610 | 2 | 0 | |a pravidlá rozpočtové |